01559cam a22003854i 4500003000900000005001700009008004100026020001500067035002700082040003300109082002200142100002800164245007000192264003800262300003900300336002100339337002500360338002300385490006900408504004000477505046700517526001000984526001000994526001001004526001001014526000801024526000801032526000801040526000801048526000801056526000801064526000801072630004001080650005301120PE-LiUPU20250731172939.0150623s1996 ne rb 000 0 eng d a9004106111 a(Sirsi) i9789004106116 aPE-LiUPUbspacPE-LiUPUerda04a222.5095bG182211 aGalil, Gershon,eautor.14aThe chronology of the Kings of Israel and Judah /cGershom Galil. 1aNetherlands :bE.J. Brill,c1996. a180 páginas ;c25 centímetros. atext2rdacontent aunmediated2rdamedia avolume2rdacarrier0 aStudies in the history and culture of the ancient Near East ;v9 aBibliografía al pie de páginas.0 aThe Chronology of the Kings of Israel and Judha from the Schism to the Death of Ahab -- Israel and Judha from the Death of Ahab to the Revolt of Jehu -- Israel and Judha from the Rebellion of Jehu to the Conquesof Samaria -- The last years of the Kingdom of Israel and the Fall Samaria -- The Chronology of the Kings of Judha from Hezekiah to Josiah -- The Chronology of the Last Kings of Judha -- The Chronology data in the Greek Text of the book of Kings. aSEG42 aSEG41 aSEG40 aSEG39 aP94 aP87 aP86 aP85 aP77 aP76 aP35 aBiblia.pA.T.pReyesvCronología.04aJudíosxHistoriay953-586 a. C.vCronología.